00670 2200241 4500001002100000005001500021035002000036007000300056008004100059020001800100082000800118084001400126100003200140245007500172250001400247300001200261600002100273264004800294336002100342337001900363338003000382990001600412INLIS00000000000600720260423010353 a0010-0426000001ta260423 0 ind  a9786235235844 a070 a070 FRA d0 aFRANS PATI HERINePengarang1 aDEADLINE :bKISAH DI BALIK LIPUTAN JURNALIS KOMPAS /cFRANS PATI HERIN aCETAKAN 1 a192 hlm 4aFRANS PATI HERIN aJAKARTA :bPT KOMPAS MEDIA NUSANTARA,c2025 2rdacontentaTEXT 2rdamediaaBUKU 2rdacarrieraRAK 1 LAJUR 3 a00000013956